الاربع روايات من نخب التيماترات

Saved in:

Main Author: محمد عثمان جلال.

Format: Book

Language: Undetermined

Published: Cairo al-Maṭbaʻah al-ʻĀmirah 1889

Tags: Add Tag

No Tags, Be the first to tag this record!

Call Number: (R)P33 JALA

LEADER 00392nam a2200121Ia 4500
008 240404s9999||||xx |||||||||||||| ||und||
050 4 |a (R)P33 JALA 
100 1 |a محمد عثمان جلال. 
245 1 0 |a الاربع روايات من نخب التيماترات  |c محمد عثمان جلال 
264 1 |a Cairo  |b al-Maṭbaʻah al-ʻĀmirah  |c 1889 
300 |a 240  |c 20 
942 |2 lcc  |c BK 
999 |c 58052  |d 58052